| 000 | 00459nam a2200157 a 4500 | ||
|---|---|---|---|
| 001 | 5655 | ||
| 003 | CDMR | ||
| 005 | 20130515120656.0 | ||
| 008 | 130130s1981||||||||||||||||||||||||||||d | ||
| 040 |
_aCDMR _bcat _cCDMR |
||
| 245 | 0 | _aValor de las noticias y principios de comunicación intercultural | |
| 260 |
_aParis _c1981 _bUNESCO |
||
| 490 | 0 |
_aEstudios y documentos de comunicación social _v85 |
|
| 650 | 0 | 4 |
_92777 _aComunicació intercultural |
| 942 |
_cMON _2udc |
||
| 999 |
_c5655 _d5655 |
||